| 000 | 00575nam a2200217Ia 4500 | ||
|---|---|---|---|
| 005 | 20230606105951.0 | ||
| 008 | 131103s9999 xx 000 0 und d | ||
| 040 | _aLoreto College | ||
| 041 | _aEnglish | ||
| 082 |
_a938.9 _bMIC |
||
| 100 | _aMichell,H. | ||
| 245 |
_aSparta _cH.Michell |
||
| 260 |
_aCambridge _bUniversity Press _c1964 |
||
| 300 | _aviii,348 p. | ||
| 504 | _aIncludes bibliographical references and index | ||
| 630 | _aSparta - Ancient History | ||
| 650 | _aAncient History | ||
| 651 | _aGreece - Ancient History | ||
| 850 | _aLCLIB | ||
| 942 | _cBK | ||
| 999 |
_c8684 _d59163 |
||